000
00313nam a22001457a 4500
003
SGT
020
_a
9789386698186
082
_b
NAB
100
_a
NABAR B.S
245
_a
FORENSIC SCIENCE IN CRIME INVESTIGATION
250
_a
3RD
260
_b
ASIA LAW HOUSE
_c
2018
300
_a
398
942
_2
ddc
_c
BK
_0
406
999
_c
16496
_d
16496